Life annuity products and their guarantees

Salvato in:
Dettagli Bibliografici
Natura: Libro
Lingua:inglese
Pubblicazione: Paris OECD 2016
Soggetti:
Tags: Aggiungi Tag
Nessun Tag, puoi essere il primo ad aggiungerne!!

MARC

LEADER 00000nam a2200000 4500
001 0234168
005 20221107101024.4
020 |a 978-92-64-26530-1 
041 0 |a eng 
044 |a FR 
245 1 0 |a Life annuity products and their guarantees 
264 1 |a Paris  |b OECD  |c 2016 
300 |a 106 s. 
610 2 0 |a dôchodky 
610 2 0 |a dôchodky starobné 
610 2 0 |a sporenie dôchodkové doplnkové 
610 2 0 |a sporenie dôchodkové starobné